这些公交1路都在哪个城市?#2 In which city are these bus lines 1 located? #2 - Statistics

General Stats
  • This quiz has been taken 35 times
  • The average score is 4 of 14
Answer Stats
起点站 终点站 城市 % Correct
凤起路十四中 运河天地 杭州
61%
四方宣化路 安徽路湖北路 青岛
55%
绿茵锦江 谈固 石家庄
48%
洪家楼 重汽彩世界 济南
45%
**火车站 **西站 兰州
36%
东站(环城南路) 西北部公交枢纽站 昆明
33%
火车站 城关花园站 拉萨
30%
火车站 火车站 贵阳
24%
中心血站 八道湾停车场 乌鲁木齐
24%
亭洪亭江路口 中泰桂雅路口 南宁
21%
**火车站 龙宿路口/南门换乘中心 合肥
15%
**火车站南广场 公交庄市站 宁波
15%
火车站 生物园区 西宁
15%
石油城公交首末站 **市民大厅 银川
12%
No matching quizzes found
Score Distribution
Percent of People with Each Score
Percentile by Number Answered
Your Score History
You have not taken this quiz